It looks like you're offline.
Open Library logo
additional options menu

MARC Record from Scriblio

Record ID marc_records_scriblio_net/part20.dat:157035568:778
Source Scriblio
Download Link /show-records/marc_records_scriblio_net/part20.dat:157035568:778?format=raw

LEADER: 00778pam 2200229 a 4500
001 89037809
003 DLC
005 20050217073852.0
008 890713s1990 nyuaf b 001 0 eng
010 $a 89037809
020 $a0471605387
040 $aDLC$cDLC$dDLC
050 00 $aQC355.2$b.G84 1990
082 00 $a535$220
100 1 $aGuenther, Robert D.
245 10 $aModern optics /$cRobert D. Guenther.
260 $aNew York :$bWiley,$cc1990.
300 $axvi, 696 p., [4] p. of plates :$bill. (some col.) ;$c26 cm.
504 $aIncludes bibliographical references (p. 681-684).
650 0 $aOptics.
856 42 $3Publisher description$uhttp://www.loc.gov/catdir/description/wiley035/89037809.html
856 4 $3Table of Contents$uhttp://www.loc.gov/catdir/toc/onix06/89037809.html